The Basics of Occupational Safety / (Record no. 14750)
[ view plain ]
| 000 -LEADER | |
|---|---|
| fixed length control field | 03189cam a2200421 a 4500 |
| 001 - CONTROL NUMBER | |
| control field | 15490003 |
| 005 - DATE AND TIME OF LATEST TRANSACTION | |
| control field | 20090504110541.0 |
| 008 - FIXED-LENGTH DATA ELEMENTS--GENERAL INFORMATION | |
| fixed length control field | 081016s2008 njua b 001 0 eng |
| 010 ## - LIBRARY OF CONGRESS CONTROL NUMBER | |
| LC control number | 2008043267 |
| 020 ## - INTERNATIONAL STANDARD BOOK NUMBER | |
| International Standard Book Number | 013502613X |
| 020 ## - INTERNATIONAL STANDARD BOOK NUMBER | |
| International Standard Book Number | 9780135026137 |
| 035 ## - SYSTEM CONTROL NUMBER | |
| System control number | (DNLM)101486837 |
| 040 ## - CATALOGING SOURCE | |
| Original cataloging agency | DNLM/DLC |
| Transcribing agency | DLC |
| Modifying agency | DLC |
| 042 ## - AUTHENTICATION CODE | |
| Authentication code | pcc |
| 050 00 - LIBRARY OF CONGRESS CALL NUMBER | |
| Classification number | T55 |
| Item number | .G5848 2008 |
| 082 00 - DEWEY DECIMAL CLASSIFICATION NUMBER | |
| Classification number | 363.11 |
| Edition number | 22 |
| Item number | GOE |
| 100 1# - MAIN ENTRY--PERSONAL NAME | |
| Personal name | Goetsch, David L. |
| 9 (RLIN) | 20082 |
| 245 14 - TITLE STATEMENT | |
| Title | The Basics of Occupational Safety / |
| Statement of responsibility, etc | David L. Goetsch. |
| 260 ## - PUBLICATION, DISTRIBUTION, ETC. (IMPRINT) | |
| Place of publication, distribution, etc | Upper Saddle River, N.J. : |
| Name of publisher, distributor, etc | Prentice Hall, |
| Date of publication, distribution, etc | c2010. |
| 300 ## - PHYSICAL DESCRIPTION | |
| Extent | xiv, 514 p. : |
| Other physical details | ill. ; |
| Dimensions | 24 cm. |
| 504 ## - BIBLIOGRAPHY, ETC. NOTE | |
| Bibliography, etc | Includes bibliographical references and index. |
| 505 0# - FORMATTED CONTENTS NOTE | |
| Formatted contents note | Safety and health movement : an overview -- Accidents and their effects -- Theories of accident causation -- Roles and professional certifications for safety and health professionals -- The OSH Act, standards, and liability -- Workers' compensation -- Accident investigation and reporting -- Ergonomic hazards : musculoskeletal disorders (MSDs) and cumulative trauma disorders (CTDs) -- Stress and safety -- Mechanical hazards and machine safeguarding -- Falling, impact, acceleration, lifting, and vision hazards -- Hazards of temperature extremes -- Pressure hazards -- Electrical hazards -- Fire hazards and life safety -- Industrial hygiene and confined spaces -- Violence in the workplace -- Noise and vibration hazards -- Preparing for emergencies and terrorism -- Bloodborne pathogens in the workplace. |
| 541 ## - IMMEDIATE SOURCE OF ACQUISITION NOTE | |
| Source of acquisition | Bacca ; |
| 650 #0 - SUBJECT ADDED ENTRY--TOPICAL TERM | |
| Topical term or geographic name as entry element | Industrial safety. |
| 9 (RLIN) | 20083 |
| 650 #0 - SUBJECT ADDED ENTRY--TOPICAL TERM | |
| Topical term or geographic name as entry element | Industrial hygiene. |
| 9 (RLIN) | 20084 |
| 650 12 - SUBJECT ADDED ENTRY--TOPICAL TERM | |
| Topical term or geographic name as entry element | Occupational Health |
| Geographic subdivision | United States. |
| 9 (RLIN) | 20085 |
| 650 22 - SUBJECT ADDED ENTRY--TOPICAL TERM | |
| Topical term or geographic name as entry element | Accidents, Occupational |
| General subdivision | prevention & control |
| Geographic subdivision | United States. |
| 9 (RLIN) | 20086 |
| 650 22 - SUBJECT ADDED ENTRY--TOPICAL TERM | |
| Topical term or geographic name as entry element | Occupational Diseases |
| General subdivision | prevention & control |
| Geographic subdivision | United States. |
| 9 (RLIN) | 20087 |
| 650 22 - SUBJECT ADDED ENTRY--TOPICAL TERM | |
| Topical term or geographic name as entry element | Safety Management |
| General subdivision | methods |
| Geographic subdivision | United States. |
| 9 (RLIN) | 20088 |
| 942 ## - ADDED ENTRY ELEMENTS (KOHA) | |
| Source of classification or shelving scheme | Dewey Decimal Classification |
| Item type | Book - Borrowing |
| Withdrawn status | Item status | Source of classification or shelving scheme | Damaged status | Not for loan | Vendor | Home library | Current library | Shelving location | Date acquired | Source of acquisition | Total Checkouts | Total Renewals | Full call number | Barcode | Date last seen | Date last borrowed | Koha item type |
|---|---|---|---|---|---|---|---|---|---|---|---|---|---|---|---|---|---|
| Dewey Decimal Classification | Baccah | Central Library | Central Library | First floor | 05/10/2010 | 14 | 73 | 363.11 GOE | 000021890 | 15/07/2025 | 09/10/2017 | Book - Borrowing | |||||
| Dewey Decimal Classification | Baccah | Central Library | Central Library | First floor | 05/10/2010 | 8 | 363.11 GOE | 000021891 | 15/07/2025 | 10/11/2013 | NB - Book (Non borrowing) | ||||||
| Dewey Decimal Classification | Baccah | Central Library | Central Library | First floor | 05/10/2010 | 8 | 58 | 363.11 GOE | 000021892 | 15/07/2025 | 04/12/2019 | Book - Borrowing | |||||
| Dewey Decimal Classification | Central Library | Central Library | First floor | 10/03/2011 | 15 | 66 | 363.11 GOE | 000022924 | 15/07/2025 | 05/11/2017 | Book - Borrowing | ||||||
| Dewey Decimal Classification | Baccah | Central Library | Central Library | First floor | 04/03/2012 | 6 | 51 | 363.11 GOE | 000026277 | 15/07/2025 | 20/10/2019 | Book - Borrowing | |||||
| Dewey Decimal Classification | Baccah | Central Library | Central Library | First floor | 04/03/2012 | 5 | 70 | 363.11 GOE | 000026284 | 15/07/2025 | 28/09/2019 | Book - Borrowing |